Statistiche per Capitali che terminano con la S

Clicka qui per fare il quiz!

Statistiche generali

  • Questo quiz è stato fatto 31 volte
  • Il punteggio medio è 6 su 8

Statistiche sulle risposte

Popolazione (ab.)ContinenteCapitale% Corretto
5 942 652America del SudCaracas
95%
520 020EuropaVilnius
95%
3 068 043America del SudBuenos Aires
90%
176 545EuropaBruxelles
76%
33 734America del NordSaint George's
62%
22 219America del NordSaint John's
62%
11 147America del NordCastries
57%
149 194AfricaPort Louis
29%

Distribuzione punteggi

Percentile per numero di risposta

Percentuale di utenti per punteggio

I tuoi punteggi nel tempo

Non hai fatto questo quiz